The Face of the Ancient Orient (Record no. 576621)

MARC details
000 -LEADER
fixed length control field 00657nam a2200169Ia 4500
008 - FIXED-LENGTH DATA ELEMENTS--GENERAL INFORMATION
fixed length control field 250719s9999 xx 000 0 und d
020 ## - INTERNATIONAL STANDARD BOOK NUMBER
ISBN 9780486419527
082 ## - DEWEY DECIMAL CLASSIFICATION NUMBER
Classification number 939.4
Item number MOS
100 ## - MAIN ENTRY--AUTHOR NAME
Personal name Marsh, Christopher W.
245 #4 - TITLE STATEMENT
Title The Face of the Ancient Orient
260 ## - PUBLICATION, DISTRIBUTION, ETC. (IMPRINT)
Name of publisher Courier Corporation
Year of publication 2001
300 ## - PHYSICAL DESCRIPTION
Number of Pages 328 pages
500 ## - GENERAL NOTE
General note Fascinating study examines Sumerians, Babylonians, Egyptians, Hittites, Canaanites, Israelites, Persians, others. "A valuable introduction, perhaps the best available in English." — American Historical Review. 32 halftones. 5 figures. 1 map.
650 ## - SUBJECT ADDED ENTRY--TOPICAL TERM
Topical Term History
942 ## - ADDED ENTRY ELEMENTS (KOHA)
Koha item type English Books
Holdings
Withdrawn status Lost status Damaged status Not for loan Home library Current library Shelving location Date acquired Full call number Accession Number Price effective from Koha item type
        Anna Centenary Library Anna Centenary Library 7TH FLOOR, B WING 19.07.2025 939.4 MOS 445504 19.07.2025 English Books

Find us on the map